00546nam a22001577a 450000500170000001000150001702000260003203500140005803700090007208200140008124501180009526000450021327000810025830000210033970000280036020220228103510.0 aENG-131531 a9789390627318c750.00 aEN-115063 bDBAD a305.40954 aRole Of Women Entrepreneurship in the Making of New India:bOpportunities and Challenges/cEdited by Manjari Nath aGujaratbKrishna Publication Housec2021 aNo. 303, Yash Kunj Apartment, Devbaug, Anantwadi, BhavnagarbGujarate364002 a202p.c21cm(pbk) aEdited by Nath, Manjari